Export : Korea [
| Format: | Book |
|---|---|
| Published: |
Changwon City:
[s.n],
[199-].
|
| Subjects: |
| LEADER | 00428cam a2200133 7i4500 | ||
|---|---|---|---|
| 001 | 0000008046 | ||
| 005 | 20000817090000.0 | ||
| 090 | 0 | 0 | |a CD-ROM 088 |b EXP |
| 245 | 0 | 0 | |a Export : |b Korea [ |m electronic resource]. |
| 260 | 0 | 0 | |a Changwon City: |b [s.n], |c [199-]. |
| 300 | # | # | |a Electronic computer optical disc (CD-ROM). |
| 650 | 0 | 0 | |a South Korea -- |x Exports |
| 651 | 0 | 0 | |a South Korea |
| 999 | |a 0000011532 |b CD-ROM |c AV Collection |e Business Information Centre | ||